00346nam a22001217a 450000500170000000800410001708200080005811000330006624500600009926000470015930000100020665000080021620200523131533.0200523b xxu||||| |||| 00| 0 eng d a340 aThe All India Reporter Ltd. aThe All India Reporter 1962 (VOL-49) ALLAHABAD Section aBOMBAYbThe All India Reporter LtD.c1962 a528p. aLAW